Idea de la muerte en México

Salvato in:
Dettagli Bibliografici
Autore principale: Lomnitz, Claudio (autor)
Natura: Libro
Lingua:spagnolo
Pubblicazione: Ciudad de México Fondo de Cultura Económica 2006
Edizione:1a. ed
Serie:Sección de Obras de Antropología
Soggetti:
Tags: Aggiungi Tag
Nessun Tag, puoi essere il primo ad aggiungerne!!

MARC

LEADER 00000nam a2200000 a 4500
001 UCI4141
003 CL-VaPUC
008 071221e20060000MX |||||||||||||||||spa|d
020 |a 9789681682989 
082 0 4 |a 306.90972  |b LOM  |2 21 
100 |a Lomnitz, Claudio  |e autor  |9 525841 
245 1 0 |a Idea de la muerte en México 
250 |a 1a. ed 
300 |a 525 p 
942 |c BK 
945 |d 20071221 00:00:00  |a jtorresc 
260 |a Ciudad de México  |b Fondo de Cultura Económica  |c 2006 
650 0 |a Muerte  |9 265114 
650 0 |a Aspectos sociales  |9 254894 
650 0 |a Cultura popular  |9 307504 
650 0 |a Política y gobierno  |9 255151 
650 0 |a Vida y costumbres  |9 611784 
650 0 |a Historia  |9 255047 
651 0 |a México  |9 255269 
583 |a last modification  |c 20071221 00:00:00  |k Rodrigo Vera 
490 0 |a Sección de Obras de Antropología 
999 |c 328127  |d 328125 
952 |0 0  |1 0  |4 0  |6 306_909720000000000_LOM_2006  |7 0  |8 A  |9 411904  |a BIBHIS  |b BIBHIS  |d 2019-11-22  |i 4397789  |o 306.90972 LOM 2006  |p 4397789  |r 2025-01-20  |w 2019-11-22  |y BK  |k HIS